相互接壤的面积小的地级行政区 - Statistics

General Stats
  • This quiz has been taken 35 times
    32 since last reset
  • The average score is 70 of 80
Answer Stats
省级行政区 地级行政区 % Correct
安徽省 亳州市
100%
江苏省 常州市
100%
浙江省 湖州市
100%
浙江省 嘉兴市
100%
安徽省 马鞍山市
100%
江苏省 南京市
100%
浙江省 宁波市
100%
浙江省 绍兴市
100%
广东省 深圳市
100%
江苏省 泰州市
100%
安徽省 铜陵市
100%
江苏省 无锡市
100%
安徽省 芜湖市
100%
江苏省 扬州市
100%
江苏省 镇江市
100%
广东省 中山市
100%
广东省 珠海市
100%
河南省 安阳市
95%
广东省 东莞市
95%
广东省 佛山市
95%
广东省 广州市
95%
河南省 鹤壁市
95%
安徽省 淮北市
95%
安徽省 淮南市
95%
广东省 惠州市
95%
广东省 江门市
95%
河南省 开封市
95%
江苏省 连云港市
95%
河南省 漯河市
95%
河南省 平顶山市
95%
山东省 日照市
95%
江苏省 苏州市
95%
江苏省 宿迁市
95%
河南省 许昌市
95%
河南省 郑州市
95%
安徽省 蚌埠市
91%
安徽省 池州市
91%
湖北省 鄂州市
91%
湖北省 黄石市
91%
江西省 景德镇市
91%
河南省 濮阳市
91%
安徽省 宿州市
91%
河南省 新乡市
91%
广东省 云浮市
91%
山东省 聊城市
86%
四川省 眉山市
86%
山东省 泰安市
86%
湖北省 武汉市
86%
四川省 自贡市
86%
广东省 潮州市
82%
四川省 德阳市
82%
四川省 广安市
82%
河南省 焦作市
82%
广东省 揭阳市
82%
四川省 内江市
82%
福建省 泉州市
82%
福建省 厦门市
82%
广东省 汕头市
82%
广东省 汕尾市
82%
河南省 商丘市
82%
四川省 遂宁市
82%
陕西省 铜川市
82%
陕西省 咸阳市
82%
四川省 资阳市
82%
山东省 淄博市
82%
山西省 晋城市
77%
山西省 阳泉市
77%
辽宁省 锦州市
73%
辽宁省 盘锦市
73%
宁夏回族自治区 石嘴山市
73%
山西省 太原市
73%
内蒙古自治区 乌海市
73%
辽宁省 鞍山市
68%
辽宁省 辽阳市
68%
辽宁省 本溪市
64%
湖南省 娄底市
64%
湖南省 湘潭市
64%
宁夏回族自治区 银川市
64%
辽宁省 营口市
64%
江苏省 南通市
18%
No matching quizzes found
Score Distribution
Percent of People with Each Score
Percentile by Number Answered
Your Score History
You have not taken this quiz since the last reset